Les communes de France avec "Ferté" dans le nom - Statistiques

Statistiques générales
  • Ce quiz a été pris 18 fois
  • Le résultat moyen est 4 sur 22
Statistiques - réponses
Hint Réponse % Correct
La Ferté- Bernard
56%
La Ferté- Alais
50%
La Ferté Macé
50%
La Ferté- sous-Jouarre
50%
(rien) La Ferté
44%
La Ferté- Milon
39%
La Ferté- Gaucher
22%
La Ferté- Saint-Aubin
22%
La Ferté- Beauharnais
11%
La Ferté- Imbault
11%
La Ferté- Chevresis
6%
La Ferté- en-Ouche
6%
La Ferté- Hauterive
6%
La Ferté- Loupière
6%
La Ferté- Saint-Cyr
6%
La Ferté- Saint-Samson
6%
Laferté- sur-Amance
6%
Laferté- sur-Aube
6%
La Ferté- sur-Chiers
6%
La Ferté- Vidame
6%
La Ferté- Villeneuil
6%
-la-Ferté Ville-sous
6%
Aucun quiz correspondant
Distribution des résultats
% des personnes avec chaque résultat
Percentile par nombre de réponses
Votre historique - résultats
Vous n’avez pas pris ce quiz